Сонети (Запис номер 343108)
[ съкратено ]
| 000 -Лидер | |
|---|---|
| Контролно поле с фиксирана дължина | 01239nam a2200325 c 4500 |
| 003 - Код на организацията, давaща контролен номер | |
| Контролно поле | BLK |
| 005 - Дата и час на последна редакция | |
| Контролно поле | 20230209162522.0 |
| 008 - Елементи от данни с фиксирана дължина | |
| fixed length control field | 180911b bul|||||r ||||||| ||bul|| |
| 010 ## - Наследен системен номер | |
| LC control number | 002769 |
| 040 ## - Източник на каталожния запис | |
| Идентификатор на билиотеката - собственик на записа | BLK |
| 041 ## - Код за език | |
| Код за езика на текст/звукозапис или на отделно заглавие | Български |
| Код за езика КДБФ | Български |
| 080 ## - УДК | |
| УДК - код + определител | 886.7-1 |
| 100 1# - Редна дума - Автор | |
| Автор | ЧИЛИНГИРОВ, Стилиян |
| Авторска отговорност | първи автор |
| R(LIN) | 396632 |
| 245 00 - Сведения за заглавието | |
| Заглавие | Сонети |
| 246 ## - Различни форми на заглавието | |
| Наименование на поредна част от произведението | лирика-сонети |
| 260 ## - Област на издателските данни | |
| Място на издаване, разпространение и проч. | София |
| Година на издаване | 1920 |
| Печатница | Меркурий |
| 300 ## - Физическа характеристика | |
| Страници | 56 с |
| Размери/Мащаб | 17 см |
| 380 ## - Жанр | |
| Жанр | Литературознание |
| 490 ## - СЕРИИ (Колекции) | |
| Име на серия | Библиотека към сп. Тримес. литература сборници |
| 490 ## - СЕРИИ (Колекции) | |
| Име на серия | Частна колекция - Академик Михаил Арнаудов |
| Бележки за серията | Дарение - Основен фонд |
| 500 ## - Общи забележки | |
| Забележка | Загл. на кор. Нашите градове в сонети. - Автограф с текст: На добрия ми приятел професор М. Арнаудов - за спомен. С. Чилингиров София 25. I. 921 |
| 650 ## - Допълнително описание по предмет – тема | |
| Основно описание – тема или топоним | Поезия |
| 9 (RLIN) | 166642 |
| 653 ## - Ключова дума – ненормативна | |
| Ключова дума | лирика |
| 653 ## - Ключова дума – ненормативна | |
| Ключова дума | сонети |
| 655 ## - Ключова дума – жанр/разновидност | |
| Данни за жанр/разновидност или ключова дума за фокус | българска литература |
| 700 1# - Други автори (авторска отговорност) | |
| Лично име | Ст. Чилингиров |
| 9 (RLIN) | 397895 |
| 852 ## - Местоположение | |
| Форматна сигнатура | МА 1168 |
| Фондова буква | Фонд "Михаил Арнаудов" |
| 999 ## - СИСТЕМНИ КОНТРОЛНИ НОМЕРА | |
| Koha biblionumber | 343108 |
| Koha biblioitemnumber | 343108 |
| 942 ## - АРТИКУЛИ | |
| Вид на библиотечния материал | Книги |
| Скрит в OPAC | Не |
| Периодичен библиозапис | Да |
| Koha issues (borrowed), all copies | 1 |
| 944 ## - СЪЗДАВАНЕ И РЕДАКЦИЯ на ЗАПИСА | |
| Създаване/Редакция | Създаване |
| Дата на регистрацията/редакция | 1996 |
| Служител, извършил регистрацията/редакцията | ValK |
| 999 ## - СИСТЕМНИ КОНТРОЛНИ НОМЕРА | |
| Koha biblioitemnumber | 343108 |
| 999 ## - СИСТЕМНИ КОНТРОЛНИ НОМЕРА | |
| Koha biblioitemnumber | 343108 |
| Код за отписване | Код за изгубен артикул | Източник на класификационната схема | Код за повреда | Коз за рестрикции | Код за отдаване | Артикулен № | Име на библиотеката - собственик | Име на библиотеката, в която се намира в момента | Статус (Текущо местоположение) | Местоположение - отдел | Цена в лева | Номерация (Хронология) | Инвентарен номер | Систематично азбучна сигнатура | Баркод | Номер на екземпляра | Цена в евро | Служебен тип на артикула | Бележка за публиката |
|---|---|---|---|---|---|---|---|---|---|---|---|---|---|---|---|---|---|---|---|
| Не е изгубен | Universal Decimal Classification | Не е повреден | без рестрикции | Специални фондове ( старопечатни, редки и ценни, фонд М. Арнаудов) | 743262 | Регионална библиотека "Любен Каравелов" Русе | Регионална библиотека "Любен Каравелов" Русе | Фонд "Михаил Арнаудов" | Фонд "Михаил Арнаудов" | 5.00 | Автограф: Стилиян Чилингиров | 588650 | МА 1168 | 120000588650 | 1 | 2.56 | Книги |